LEADER 02624cam0-22004931i-450 001 990010078360403321 005 20231121143818.0 012 $an-or o.li c.in Grtu (3) 1824 (A)$2fei$5IT-NA0338: U VI 80 012 $ai-l- e-ne o-li (2da (3) 1825 (A)$2fei$5IT-NA0338: U VI 81 012 $ati), 5.i- r-r- laDi (3) 1827 (A)$2fei$5IT-NA0338: U VI 82 012 $ati), 5.i- r-r- laDi (3) 1827 (A)$2fei$5IT-NA0029: XVII 905 035 $a001007836 035 $aFED01001007836 035 $a(Aleph)001007836FED01 035 $a001007836 100 $a20160607g18241827km-y0itay50------ba 101 0 $aita 102 $aIT 140 $aa-------------------bb0----- 200 1 $aProspetto della storia letteraria di Sicilia nel secolo decimottavo dell'abate Domenico Scinà regio storiografo. Volume I. [-III.] 210 $aIn Palermo$cpresso Lorenzo Dato : [poi] dalla Tipografia reale di guerra$d1824-1827 215 $a3 v.$d8° 307 $aSegn.: [1]? 2-10? 11-14? 15-20? (v. 1) 307 $aSegn.: [1]? 2-23? 24?. - Ultima carta bianca (v. 2) 307 $aSegn.: [1]? 2-30? 31?(-31/8) (v. 3) 307 $a1.: 287, [1] p. ; 2.: 374, [2] p. ; 3.: 494 p. 317 $aSulla coperta ant. dedica ms.: "Al Cav[alie]re Ponticelli dono dell'abate Scinà con una lettera". Sul front.: ex libris araldico al grifone posato su monte di tre cime, impugnante una spada e un giglio, fissante una stella a sei punte$5IT-NA0029: XVII 905 610 0 $aLetteratura siciliana$aStoria$aSec. 18. 620 $aItalia.$dPalermo 700 1$aScinà,$bDomenico$f<1765-1837>$056116 801 0$aIT$bUNINA$gRICA$2UNIMARC 856 4 $zVisualizza la versione elettronica in SBNWeb$uhttps://books.google.it/books?id=E0TeNjbHJ0EC&printsec=frontcover&hl=it&source=gbs_ge_summary_r&cad=0#v=onepage&q&f=false$e20200721 856 4 $zVisualizza la versione elettronica in SBNWeb$uhttps://books.google.it/books?id=56x_8TWX6-AC&printsec=frontcover&hl=it&source=gbs_ge_summary_r&cad=0#v=onepage&q&f=false$e20200721 856 4 $zVisualizza la versione elettronica in SBNWeb$uhttps://books.google.it/books?id=fMG1_PNKULcC&printsec=frontcover&hl=it&source=gbs_ge_summary_r&cad=0#v=onepage&q&f=false$e20200721 901 $aAQ 912 $a990010078360403321 952 $aU VI 80$b10458$fDBV 952 $aU VI 81$b10458$fDBV 952 $aU VI 82$b10458$fDBV 952 $aXVII 905$b10034$fFGBC 959 $aDBV 959 $aFGBC 996 $aProspetto della storia letteraria di Sicilia nel secolo decimottavo dell'abate Domenico Scinà regio storiografo. Volume I.$91759671 997 $aUNINA LEADER 03013nam 22006255 450 001 9910766887403321 005 20240830105019.0 010 $a3-031-46102-9 024 7 $a10.1007/978-3-031-46102-6 035 $a(PPN)273593358 035 $a(CKB)29020501200041 035 $a(MiAaPQ)EBC30963218 035 $a(Au-PeEL)EBL30963218 035 $a(DE-He213)978-3-031-46102-6 035 $a(EXLCZ)9929020501200041 100 $a20231121d2023 u| 0 101 0 $aeng 135 $aur||||||||||| 181 $ctxt$2rdacontent 182 $cc$2rdamedia 183 $acr$2rdacarrier 200 14$aThe Basalt Fiber?Material Design Art /$fby Marco Mancini 205 $a1st ed. 2023. 210 1$aCham :$cSpringer Nature Switzerland :$cImprint: Springer,$d2023. 215 $a1 online resource (106 pages) 225 1 $aSpringerBriefs in Applied Sciences and Technology,$x2191-5318 311 08$a9783031461019 327 $aThe basalt fiber -- The production of basalt fiber -- Uses and fields of application -- Sustainability -- The italian scenario -- Ethics + Aesthetics -- Research paths -- The texture -- The volume -- The light -- Proposals. 330 $aThis book presents a design research on the basalt fiber, a natural mineral material with important characteristics, and investigates the material's properties, production techniques, and most common uses, while also delving into aspects yet to be improved. The work presents a part of original research in between art and design, in which concepts, prototypes, and ideas are proposed, aimed at the enhancement of basalt fiber also from an esthetic point of view and not only from a performance one. By working on its perceived qualities and creative and formal potential, it is possible to support and extend the use of this material in many areas of design, including product, exhibit, cultural industries, and fashion. Considering that environmental regulations are increasingly stringent, the use of basalt fiber may in some cases be more advantageous than other popular technical fibers, both because of its own performance characteristics and specifically because of its inherent sustainability. 410 0$aSpringerBriefs in Applied Sciences and Technology,$x2191-5318 606 $aSustainability 606 $aAesthetics 606 $aBuilding materials 606 $aGraphic arts 606 $aSustainability 606 $aAesthetics 606 $aBuilding Materials 606 $aGraphic Design 615 0$aSustainability. 615 0$aAesthetics. 615 0$aBuilding materials. 615 0$aGraphic arts. 615 14$aSustainability. 615 24$aAesthetics. 615 24$aBuilding Materials. 615 24$aGraphic Design. 676 $a304.2 700 $aMancini$b Marco$0426886 801 0$bMiAaPQ 801 1$bMiAaPQ 801 2$bMiAaPQ 906 $aBOOK 912 $a9910766887403321 996 $aBasalt Fiber?Material Design Art$94132834 997 $aUNINA LEADER 03834nam 22007694a 450 001 9910966599503321 005 20251116151356.0 010 $a9781559639477 010 $a1559639474 010 $a9781610910675 010 $a1610910672 010 $a9781417595778 010 $a1417595779 035 $a(CKB)1000000000032176 035 $a(EBL)3317358 035 $a(SSID)ssj0000147564 035 $a(PQKBManifestationID)11163635 035 $a(PQKBTitleCode)TC0000147564 035 $a(PQKBWorkID)10012492 035 $a(PQKB)10778466 035 $a(SSID)ssj0001461355 035 $a(PQKBManifestationID)12623844 035 $a(PQKBTitleCode)TC0001461355 035 $a(PQKBWorkID)11471178 035 $a(PQKB)11699710 035 $a(MiAaPQ)EBC3317358 035 $a(Au-PeEL)EBL3317358 035 $a(CaPaEBR)ebr10079991 035 $a(OCoLC)847868263 035 $a(Perlego)2985116 035 $a(EXLCZ)991000000000032176 100 $a20020226d2002 uy 0 101 0 $aeng 135 $aur|n|---||||| 181 $ctxt 182 $cc 183 $acr 200 00$aEngineering the farm $eethical and social aspects of agricultural biotechnology /$fedited by Britt Bailey, Marc Lappe 205 $a1st ed. 210 $aWashington, D.C. $cIsland Press$dc2002 215 $a1 online resource (224 p.) 300 $aDescription based upon print version of record. 311 08$a9781559639460 311 08$a1559639466 320 $aIncludes bibliographical references (p. 170-171). 327 $a""About Island Press""; ""Title Page""; ""Copyright Page""; ""Contents""; ""Ackowledgments""; ""Preface""; ""Introduction: GMOs, Luddites, and Concerned Citizens""; ""Ch 1: Ethical Issues Involving the Production, Planting, and Distribution of Genetically Modified Crops""; ""Ch 2: Why Foor Biotechnology Needs and Opt Out""; ""Ch 3: A Naturalist Looks at agriculture Biotechnology""; ""Ch 4: When Transgenes Wander, Should We Worry?""; ""Ch 5: Patents, Plants, and People: The Need for a New Ethical Paradigm"" 327 $a""Ch 6: Taking Seriously the Claim that Genetic Engineering Could End Hunger: A Critical Analysis""""Ch 7: The European Response to GM Foods: Rethinking Food Governance""; ""Ch 8: A Societal Role for Assessing the Safety of Bioengineered Foods""; ""Ch 9: Learning to Speak Ethics in Technological Debates""; ""Ch 10: A Perspective on Anti-Biotechnology Convictions""; ""Afterword: The Biotech Distraction""; ""Appendix A: In Defense of the Precautionary Principle""; ""Appensix B: A Declaration of Bioethics and Agricultural Biotechnology""; ""Notes""; ""Introduction & Chapter 1""; ""Chapter 2"" 327 $a""Chapter 3 & 4""""Chapter 5""; ""Chapter 6""; ""Chapter 7""; ""Chapter 8""; ""Chapter 9""; ""Chapter 10""; ""Appendix A""; ""About the Contributors""; ""Index""; ""Island Press Board of Directors 2002"" 330 8 $aRace to Save the Tropics documents the conflict between economic development and protection of biological diversity in tropical countries. 606 $aGenetic engineering$xSocial aspects 606 $aAgricultural biotechnology$xSocial aspects 606 $aGenetic engineering$xMoral and ethical aspects 606 $aAgricultural biotechnology$xMoral and ethical aspects 615 0$aGenetic engineering$xSocial aspects. 615 0$aAgricultural biotechnology$xSocial aspects. 615 0$aGenetic engineering$xMoral and ethical aspects. 615 0$aAgricultural biotechnology$xMoral and ethical aspects. 676 $a174/.96315233 701 $aBailey$b Britt$080757 701 $aLappe?$b Marc$0357880 801 0$bMiAaPQ 801 1$bMiAaPQ 801 2$bMiAaPQ 906 $aBOOK 912 $a9910966599503321 996 $aEngineering the farm$94356433 997 $aUNINA